| 000 | 00486nam a2200217Ia 4500 | ||
|---|---|---|---|
| 008 | 210210b1906 xxu||||| |||| 00| 0 eng d | ||
| 041 | _aeng | ||
| 082 | _a534/43 | ||
| 100 | _aWILLARD (J Gibbs) | ||
| 245 |
_aScientific papers Vol 2 _bDynamics |
||
| 260 |
_aNew York _bDover Publication., _c1906 |
||
| 300 | _a284 | ||
| 440 | _a2 | ||
| 650 | _aVol | ||
| 650 | _aScientific | ||
| 650 | _apapers | ||
| 650 | _aDynamics | ||
| 650 | _a2 | ||
| 690 | _aPhysics | ||
| 906 | _a008531 | ||
| 999 |
_c126446 _d126446 |
||